[Event "Lublin"]
[Site "Lublin"]
[Date "1993.??.??"]
[Round "?"]
[White "Sokolovs, Andrei"]
[Black "Hawelko, Marek"]
[Result "1-0"]
[WhiteElo "2480"]
[BlackElo "2400"]

1.d4 Nf6 2.Bg5 Ne4 3.Bh4 d5 4.f3 Nf6 5.Nc3 c5 6.e4 Nc6 7.Bxf6 exf6 8.exd5 Nxd4
9.Nge2 Qb6 10.Qd2 Qxb2 11.Rb1 Qxc2 12.Nxd4 Qxd2+ 13.Kxd2 cxd4 14.Bb5+ Kd8
15.Ne4 a6 16.Bd3 b5 17.a4 bxa4 18.Rhc1 a5 19.d6 f5 20.Ng5 Bxd6 21.Nxf7+ Ke7
22.Nxd6 Kxd6 23.Rb6+ Ke5 24.g3 Kd5 25.Rbc6  1-0

[Event "AUS-ch op"]
[Site "Melbourne"]
[Date "1993.??.??"]
[Round "6"]
[White "West, Guy"]
[Black "Kagan, Naum"]
[Result "0-1"]
[WhiteElo "2410"]
[BlackElo "2335"]

1.d4 Nf6 2.Bg5 Ne4 3.Bh4 c5 4.f3 g5 5.fxe4 gxh4 6.e3 Qb6 7.Nc3 cxd4 8.exd4 Nc6
9.Nf3 Bg7 10.Nd5 Qa5+ 11.c3 d6 12.b4 Qd8 13.Bc4 Bg4 14.h3 Bh5 15.Nf4 Bg6
16.O-O e6 17.d5 exd5 18.Bxd5 O-O 19.b5 Ne7 20.Nxh4 Nxd5 21.Nhxg6 Nxc3 22.Qb3 hxg6
23.Nxg6 Ne2+ 24.Kh1 Qg5 25.Nxf8  0-1

[Event "AUS-ch op"]
[Site "Melbourne"]
[Date "1993.??.??"]
[Round "11"]
[White "Depasquale, Chris"]
[Black "West, Guy"]
[Result "0-1"]
[WhiteElo "2270"]
[BlackElo "2410"]

1.d4 Nf6 2.Bg5 Ne4 3.h4 c5 4.dxc5 Nxg5 5.hxg5 Qa5+ 6.Nc3 Nc6 7.g6 fxg6 8.e3 Qxc5
9.Bd3 Ne5 10.Nf3 Nxd3+ 11.Qxd3 d6 12.O-O-O Bf5 13.Qb5+ Qxb5 14.Nxb5 Rc8 15.Nbd4 Bd7
16.Ng5 h6 17.Nge6 Bxe6 18.Nxe6 Kf7 19.Ng5+ Kf6 20.f4 e5 21.g4 Be7 22.Nf3 Ke6
23.Ne1 Rc4 24.Nd3 Rhc8 25.c3 b5 26.a3 a5 27.Kd2 e4 28.f5+ gxf5 29.Nf4+ Kf7
30.gxf5 R8c5 31.Rh5 b4 32.axb4 axb4 33.Ne2 bxc3+ 34.bxc3 Ra4 35.Rc1 Ra2+
36.Rc2 Rxc2+ 37.Kxc2 Bg5 38.Ng3 d5 39.Kd2 Ra5 40.c4 Ra2+ 41.Kd1 Ra3 42.cxd5 Rxe3  0-1

[Event "BLR-ch"]
[Site "Minsk"]
[Date "1993.??.??"]
[Round "?"]
[White "Aleksandrov, Aleksej"]
[Black "Mochalov, Evgeny V"]
[Result "1-0"]
[WhiteElo "2530"]
[BlackElo "2445"]

1.d4 Nf6 2.Bg5 Ne4 3.Bh4 c5 4.f3 Nf6 5.d5 Qb6 6.e4 Qxb2 7.Nd2 Qb4 8.Rb1 Qa5
9.Kf2 d6 10.Bb5+ Nfd7 11.Nc4 Qc7 12.Ne2 a6 13.Nc3 f6 14.Bxd7+ Nxd7 15.a4 g6
16.Re1 Bh6 17.Bg3 O-O 18.f4 Rb8 19.Kg1 b5 20.axb5 axb5 21.Rxb5 Ba6 22.Rxb8 Rxb8
23.Ne3 Rb4 24.Qg4 Nf8 25.h4 Bc8 26.Qf3 Qa5 27.h5 Rd4 28.Ne2 Ra4 29.Kh2 Ba6
30.Nc1 f5 31.Nb3 Qc3 32.Nxf5 Qxf3 33.Nxh6+ Kg7 34.gxf3 Kxh6 35.Bh4 Ra2 36.Bxe7 Rxc2+
37.Kg3 Nd7 38.Bxd6 Nf6 39.Bf8+  1-0

[Event "BLR-ch"]
[Site "Minsk"]
[Date "1993.??.??"]
[Round "?"]
[White "Aleksandrov, Aleksej"]
[Black "Ryskin, Alexander"]
[Result "1-0"]
[WhiteElo "2530"]
[BlackElo "2505"]

1.d4 Nf6 2.Bg5 Ne4 3.Bh4 c6 4.Nd2 Nxd2 5.Qxd2 d5 6.Nf3 Bf5 7.e3 Qb6 8.c4 a5
9.Be2 dxc4 10.Bxc4 Qb4 11.Rc1 Nd7 12.O-O Qxd2 13.Nxd2 Nb6 14.Be2 e6 15.e4 Bg6
16.f3 Bb4 17.Nb3 Na4 18.Rc2 Be7 19.Be1 Bd8 20.Bf2 O-O 21.Re1 Be7 22.Nd2 Nb6
23.a3 Rfd8 24.Nb3 Nd7 25.Nc1 f6 26.Bc4 Bf7 27.Ne2 e5 28.f4 Bxc4 29.Rxc4 exd4
30.Nxd4 Re8 31.Nf5 Nf8 32.Rd4 Ng6 33.g3 Rad8 34.Red1 Rxd4 35.Rxd4 Nf8 36.Kg2 g6
37.Nxe7+ Rxe7 38.Ra4 Kf7 39.Kf3 Rd7 40.Rxa5 Rd3+ 41.Ke2 Rb3 42.Bd4 Ne6 43.Bc3 Rb5
44.Rxb5 cxb5 45.f5 Nd8 46.g4 Nc6 47.Kd3 Ke7 48.b3 Kf7 49.h3 Ke7 50.a4 bxa4
51.bxa4 gxf5 52.exf5 Nb8 53.Kc4 Nd7 54.Bb4+ Kd8 55.Kd5  1-0

[Event "Minsk op"]
[Site "Minsk"]
[Date "1993.??.??"]
[Round "3"]
[White "Voloshin, Leonid"]
[Black "Kalinin, Oleg"]
[Result "1/2-1/2"]
[WhiteElo "2420"]
[BlackElo "2420"]

1.d4 Nf6 2.Bg5 Ne4 3.Bh4 d5 4.Nd2 Nxd2 5.Qxd2 g6 6.e3 Bg7 7.f4 O-O 8.Nf3 Nd7
9.Bd3 Nf6 10.O-O Ne4 11.Qb4 Nd6 12.Qa5 Nf5 13.Bxf5 Bxf5 14.Qb4 Qc8 15.Rf2 Bf6
16.c4 dxc4 17.Qxc4 c6 18.Re1 Be4 19.Bg3 Bxf3 20.Rxf3 Qd7 21.f5 gxf5 22.Ref1 e6
23.Be5 Bg7 24.Rh3  1/2-1/2

[Event "Mlada Boleslav op"]
[Site "Mlada Boleslav"]
[Date "1993.??.??"]
[Round "?"]
[White "Nesterov, Jakov"]
[Black "Adamek, Zdenek"]
[Result "1-0"]
[WhiteElo "2485"]
[BlackElo "2095"]

1.d4 Nf6 2.Bg5 Ne4 3.Bh4 d5 4.f3 Nd6 5.Nc3 g6 6.Bf2 c6 7.e4 Bg7 8.Qd2 O-O
9.O-O-O Be6 10.h4 b5 11.e5 Nc4 12.Bxc4 dxc4 13.Ne4 Bd5 14.h5 Qb6 15.c3 a5
16.Be3 Rd8 17.e6 Bxe6 18.hxg6 hxg6 19.Bh6 Bh8 20.Bf8  1-0

[Event "Munich op9293"]
[Site "Munich"]
[Date "1993.??.??"]
[Round "6"]
[White "Landenbergue, Claude"]
[Black "Freckmann, Mark"]
[Result "1-0"]
[WhiteElo "2390"]
[BlackElo "2300"]

1.d4 Nf6 2.Bg5 Ne4 3.Bf4 Nc6 4.Nf3 d5 5.e3 Bg4 6.Be2 e6 7.Nbd2 Nxd2 8.Qxd2 Bd6
9.Bg3 O-O 10.O-O Bxg3 11.hxg3 Qf6 12.Rfc1 Rad8 13.c4 dxc4 14.Qc3 Rd5 15.Qxc4 Rh5
16.Ne5 Nxe5 17.dxe5 Qh6 18.f4 Bxe2 19.Qxe2 f6 20.exf6 Rxf6 21.Rd1 Rf8 22.Rac1 c6
23.Rc3 Rd5 24.Rcd3 Qf6 25.e4 Rxd3 26.Qxd3 e5 27.f5 Qg5 28.Qc4+ Kh8 29.Qc5 Re8
30.Kf2 h5 31.Qe3 Qxe3+ 32.Kxe3 Re7 33.Rh1 Kg8 34.Rxh5 Rd7 35.Rh1 Kf7 36.g4 Kf6
37.Rh5 Rd1 38.g5+ Kf7 39.Rh8 Rb1 40.g6+ Ke7 41.Rg8 Rxb2 42.Rxg7+ Kf8 43.Rf7+ Kg8
44.g4  1-0

[Event "Munich op9293"]
[Site "Munich"]
[Date "1993.??.??"]
[Round "9"]
[White "Hodgson, Julian M"]
[Black "Smirin, Ilia"]
[Result "1/2-1/2"]
[WhiteElo "2535"]
[BlackElo "2555"]

1.d4 Nf6 2.Bg5 Ne4 3.h4 c5 4.d5 g6 5.Qd3 Nxg5 6.Qc3 Rg8 7.hxg5 Bg7 8.Qa3 Na6
9.Nd2 Nb4 10.O-O-O Nxd5 11.Qxc5 Nb6 12.Qa3 Rh8 13.e4 d6 14.f4 Qc7 15.Ngf3 Bd7
16.Kb1 Rc8 17.Bd3 Qc5 18.Qxc5 Rxc5 19.Rh4 h5 20.Re1 Bg4 21.Rhh1 Kd8 22.Rhf1 Bd7
23.Nb3 Rc7 24.e5 Nd5 25.Re4 Bf5 26.Rd4 Ne3 27.Re1 Nxc2 28.exd6 Nxd4 29.dxc7+ Kc8
30.Nbxd4 Bxd3+ 31.Kc1 Re8 32.Re3 Bf1 33.f5 Kxc7 34.fxg6 Bxd4 35.Nxd4 fxg6
36.Ne6+ Kd6 37.Nf4 e5 38.Nxg6 Bxg2 39.Nh4 Bd5 40.Nf5+ Kc7 41.g6 e4 42.Rh3 Bxa2
43.Rc3+ Kd7 44.b3 Rg8 45.Nh4 Rf8 46.Kb2 Rf2+ 47.Ka3 Ke7 48.Rc8 Rf8 49.Nf5+ Rxf5
50.g7 Rg5 51.g8=Q Rxg8 52.Rxg8 Bb1 53.Rh8 Kd6 54.Kb2 Bd3 55.Rxh5 Ba6 56.Kc3 e3
57.Ra5 e2 58.Kd2  1/2-1/2

[Event "New York Marshall"]
[Site "New York"]
[Date "1993.??.??"]
[Round "?"]
[White "Young, Ronald"]
[Black "Moskow, Eric"]
[Result "1-0"]
[WhiteElo "2300"]
[BlackElo "2235"]

1.d4 Nf6 2.Bg5 Ne4 3.Bf4 c5 4.f3 Nf6 5.d5 d6 6.e4 g6 7.c4 b5 8.cxb5 Bg7 9.Nc3 O-O
10.a4 a6 11.Qd2 axb5 12.Bxb5 Ba6 13.Nge2 Bxb5 14.Nxb5 Na6 15.O-O Nc7 16.Nec3 Nxb5
17.Nxb5 Ne8 18.Qc2 Qb6 19.Ra2 Nf6 20.Na3 Rfb8 21.Nc4 Qb3 22.Qxb3 Rxb3 23.Bd2 Nd7
24.Rb1 Bd4+ 25.Kf1 Ne5 26.Na5 Rd3 27.Be1 Re3 28.b4 Nd3 29.Nc6 Nxe1 30.Nxd4 cxd4
31.Rxe1 Rb3 32.b5 Rxb5 33.axb5 Rxa2 34.Rb1 Ra7 35.Ke2 Kf8 36.b6 Rb7 37.Kd3 Ke8
38.Kxd4 Kd7 39.Kc4 Kc8 40.Kb5 Kb8 41.Kc6  1-0

[Event "New York op"]
[Site "New York"]
[Date "1993.??.??"]
[Round "2"]
[White "Fernandes, Antonio"]
[Black "Fedorov, Vladislav"]
[Result "1-0"]
[WhiteElo "2455"]
[BlackElo "2425"]

1.d4 Nf6 2.Bg5 Ne4 3.Bh4 c5 4.f3 Nf6 5.dxc5 e6 6.Qd2 Bxc5 7.Qg5 Bb4+ 8.c3 Bf8
9.e4 h6 10.Qb5 Nc6 11.Nd2 a6 12.Qd3 d5 13.O-O-O Be7 14.Ne2 O-O 15.Nd4 e5
16.N4b3 d4 17.Kb1 dxc3 18.Bxf6 Qxd3+ 19.Bxd3 Bxf6 20.bxc3 b5 21.Nf1 Bg5 22.h4 Bd8
23.Ne3 Ne7 24.c4 Be6 25.Nc5 Bxc4 26.Bxc4 bxc4 27.Nd7 Re8 28.Nxe5 Rb8+ 29.Kc2 Rc8
30.Rd7 Bc7 31.N5xc4 Bf4 32.Kb3 Rb8+ 33.Ka4 h5 34.Rhd1 Nc6 35.a3 Rb5 36.R1d5 Reb8
37.Nf5 Rb1 38.Rc5 Nd8 39.Ne7+ Kf8 40.Rxh5 Ke8 41.Ra7 Nb7 42.Nc6 Rc8 43.Rxa6 f6
44.N4a5 Nd6 45.Rh8+ Kd7 46.Ra7+ Rc7 47.Rd8+ Ke6 48.Rxc7 f5 49.Re7+ Kf6 50.e5+ Bxe5
51.Rxe5  1-0

[Event "Nis op"]
[Site "Nis"]
[Date "1993.??.??"]
[Round "?"]
[White "Knezevic, Bojan"]
[Black "Stevanovic, Vladan S"]
[Result "1-0"]
[WhiteElo "2320"]
[BlackElo "2315"]

1.d4 Nf6 2.Bg5 Ne4 3.h4 d5 4.Nd2 h6 5.Bf4 Bf5 6.Nxe4 dxe4 7.e3 e6 8.g4 Bh7
9.c3 Bd6 10.Ne2 Nc6 11.Bg2 e5 12.dxe5 Bxe5 13.Qa4 O-O 14.Bxe4 Bxe4 15.Qxe4 Bxf4
16.Nxf4 Re8 17.Qd5 Ne5 18.O-O-O Qxd5 19.Nxd5 Nxg4 20.Rhg1 Nxf2 21.Rdf1 Nd3+
22.Kc2 Red8 23.Ne7+ Kf8 24.Nf5 g6 25.Nxh6 Ne5 26.h5 Ke7 27.hxg6 fxg6 28.Rg5 Ke6
29.Ng4 Nxg4 30.Rxg6+ Ke5 31.Rxg4 Rf8 32.Rd1 Rad8 33.Rxd8 Rxd8 34.Rd4 Rc8
35.Kd3 Ke6 36.a4 Rh8 37.a5 Rh1 38.b4 a6 39.Rg4 Kd6 40.Rg6+ Kd5 41.c4+ Ke5
42.c5 Rb1 43.Kc3 Kd5 44.e4+ Kxe4 45.Rg7 Rc1+ 46.Kb2 Rh1 47.Rxc7 Kd5 48.Rxb7 Rh2+
49.Kb3 Rh3+ 50.Ka4 Kc4 51.Rg7 Rf3 52.Rg1 Kd5 53.Rd1+ Kc6 54.Rd6+ Kb7 55.Rd7+ Kb8
56.Rd4 Kb7 57.b5 axb5+ 58.Kxb5 Rb3+ 59.Rb4 Rc3 60.a6+ Ka7 61.c6 Kb8 62.Kb6 Rc1
63.Rb5 Rc2 64.a7+ Ka8 65.c7 Rc1 66.Rc5  1-0

[Event "Nis op"]
[Site "Nis"]
[Date "1993.??.??"]
[Round "?"]
[White "Certic, Branimir"]
[Black "Damljanovic, Branko"]
[Result "1-0"]
[WhiteElo "2395"]
[BlackElo "2570"]

1.d4 Nf6 2.Bg5 Ne4 3.Bh4 d5 4.f3 Nf6 5.Nc3 c5 6.e4 dxe4 7.dxc5 Qa5 8.Qd2 e3
9.Qd3 Nc6 10.O-O-O e6 11.Bxf6 gxf6 12.Qxe3 Qxc5 13.Qd2 a6 14.Ne4 Qe5 15.Bd3 f5
16.f4 Qg7 17.Ng3 Be7 18.Nh5 Qh6 19.Be2 O-O 20.Nh3 Rd8 21.Qc3 Rxd1+ 22.Rxd1 e5
23.Kb1 e4 24.a3 Be6 25.Ng5 Rd8 26.Rxd8+ Bxd8 27.Nxe6 fxe6 28.g4 fxg4 29.Bxg4 Kf8
30.h3 Qg6 31.Qe3 Bc7 32.Qc5+ Ke8 33.Bxe6  1-0

[Event "Nis op"]
[Site "Nis"]
[Date "1993.??.??"]
[Round "?"]
[White "Tosic, Miroslav"]
[Black "Antic, Dejan"]
[Result "1-0"]
[WhiteElo "2465"]
[BlackElo "2380"]

1.d4 Nf6 2.Bg5 Ne4 3.h4 g6 4.Nd2 Nxg5 5.hxg5 Bg7 6.Ngf3 d5 7.c3 O-O 8.e4 dxe4
9.Nxe4 Qd5 10.Bd3 Bf5 11.Qe2 Nc6 12.Rh4 e5 13.Bc4 Qa5 14.Nf6+ Bxf6 15.gxf6 Nxd4
16.Qd2 g5 17.Qxg5+ Bg6 18.Nxd4 Qb6 19.Nf5  1-0

[Event "Odorheiu Secuiesc op"]
[Site "Odorheiu Secuiesc"]
[Date "1993.??.??"]
[Round "2"]
[White "Ungureanu, Emil"]
[Black "Zamfirescu, Bogdan"]
[Result "0-1"]
[WhiteElo "2340"]
[BlackElo "2250"]

1.d4 Nf6 2.Bg5 Ne4 3.Bh4 g6 4.f3 Nf6 5.e4 d6 6.Bxf6 exf6 7.Bd3 c6 8.c3 Bh6
9.Ne2 Nd7 10.Nd2 Nb6 11.a4 a5 12.f4 f5 13.O-O fxe4 14.Nxe4 Nd5 15.Qd2 O-O
16.Rae1 Re8 17.c4 Nb4 18.N2c3 Bg7 19.d5 cxd5 20.cxd5 Nxd3 21.Qxd3 Qb6+ 22.Kh1 Bf5
23.Qd2 Qb4 24.Ng3 Bd7 25.f5 Rxe1 26.Rxe1 Re8 27.Rxe8+ Bxe8 28.h3 Be5 29.Nge4 Qc4
30.Kg1 Bxa4 31.f6 Bd7 32.g4 h6 33.Qxh6 Qd4+ 34.Kg2 Bxf6 35.Nxf6+ Qxf6 36.Qe3 b5
37.Qa7 Be8 38.Qb8 Kf8 39.h4 b4 40.g5 Qe5 41.Na4  0-1

[Event "WchT U26"]
[Site "Paranana"]
[Date "1993.??.??"]
[Round "?"]
[White "Cueto, Johny"]
[Black "Rodriguez, Antonio"]
[Result "0-1"]
[WhiteElo "2170"]
[BlackElo "2405"]

1.d4 Nf6 2.Bg5 Ne4 3.Bh4 d5 4.f3 Nd6 5.Nd2 Nc6 6.Bf2 Bf5 7.a3 e6 8.c4 h5
9.c5 Nc8 10.e4 Bh7 11.Bb5 Ne7 12.Ne2 g5 13.Qb3 Qd7 14.Qc3 Bh6 15.e5 O-O-O
16.b4 Rdf8 17.Ba4 a6 18.Bd1 f6 19.exf6 Rxf6 20.a4 Nb8 21.Nc1 g4 22.O-O Rg8
23.Ncb3 Nf5 24.fxg4 hxg4 25.g3 Bg5 26.Be2 Rh6 27.b5 Bg6 28.Rfe1 Qh7 29.Nf1 Rxh2
30.Bxg4 Rh8 31.Rxe6 Rg2+  0-1

[Event "Pardubice"]
[Site "Pardubice"]
[Date "1993.??.??"]
[Round "9"]
[White "Hodgson, Julian M"]
[Black "Nunn, John DM"]
[Result "1/2-1/2"]
[WhiteElo "2625"]
[BlackElo "2590"]

1.d4 Nf6 2.Bg5 Ne4 3.Bf4 c5 4.f3 Qa5+ 5.c3 Nf6 6.Nd2 cxd4 7.Nb3 Qb6 8.cxd4 d5
9.Rc1 Nc6 10.e3 a5 11.a4 e5 12.dxe5 Nh5 13.Bb5 Nxf4 14.exf4 Bb4+ 15.Kf1 O-O
16.Ne2 Be6 17.Ned4 Rac8 18.Ke2 Bd7 19.Qd3 Nxd4+ 20.Nxd4 Bxb5 21.Nxb5 Qh6
22.Qf5 Rxc1 23.Rxc1 Qxh2 24.Qg5 h6 25.Qg4 f5 26.exf6 Rxf6 27.Rc7 Bf8 28.Nc3 Kh7
29.Rxb7 Rg6 30.Qf5 Qxg2+ 31.Kd3 Bb4 32.Nxd5 Qxb2 33.Qe4 Qb3+ 34.Kd4 h5 35.Rb6 Qb2+
36.Kc4 Qc1+ 37.Kb3 Qd1+ 38.Kc4 Qf1+ 39.Kb3 Qd1+ 40.Kc4 Qc1+ 41.Kb3  1/2-1/2

[Event "Podgorica"]
[Site "Podgorica"]
[Date "1993.??.??"]
[Round "12"]
[White "Kosic, Dragan"]
[Black "Zontakh, Andrey"]
[Result "1-0"]
[WhiteElo "2455"]
[BlackElo "2455"]

1.d4 Nf6 2.Bg5 Ne4 3.h4 d5 4.Nd2 Nxg5 5.hxg5 Bf5 6.e3 c5 7.dxc5 e6 8.Nb3 Bxc5
9.Bd3 Bb6 10.Bxf5 exf5 11.Nh3 Nc6 12.Qf3 Ne7 13.O-O-O Qd6 14.Nf4 O-O-O 15.Rd3 h6
16.gxh6 Rxh6 17.Rhd1 g6 18.Nxd5 Nxd5 19.Rxd5 Qe7 20.Rxd8+ Bxd8 21.Qd5 Bb6
22.a4 Qe6 23.Qb5 Rh8 24.a5 Bc7 25.g3 a6 26.Qb4 Rd8 27.Rxd8+ Bxd8 28.Qc5+ Bc7
29.Nd2 Qd6 30.Qxd6 Bxd6 31.Nc4 Bc7 32.Kd2 Kd7 33.Kd3 Kc6 34.b4 Kd5 35.Nd2 Be5
36.f4 Bf6 37.c4+ Kc6 38.Nf3 Kd6 39.Ng5 Ke7 40.e4 Bb2 41.exf5 gxf5 42.Nf3 Ba3
43.Kc3 Bc1 44.Nd4 Kf6 45.Kd3 Ba3 46.Nc2 Bb2 47.c5  1-0

[Event "Polanica Zdroj op"]
[Site "Polanica Zdroj"]
[Date "1993.??.??"]
[Round "2"]
[White "Pisulinski, Jan"]
[Black "Malisauskas, Vidmantas"]
[Result "1-0"]
[WhiteElo "2370"]
[BlackElo "2540"]

1.d4 Nf6 2.Bg5 Ne4 3.h4 c5 4.dxc5 Na6 5.Nd2 Naxc5 6.Nxe4 Nxe4 7.Qd5 Nxg5
8.hxg5 Qb6 9.O-O-O Qxf2 10.Nf3 Qe3+ 11.Kb1 e6 12.Qc4 g6 13.Rd3 Qc5 14.Qf4 Bg7
15.e4 b6 16.Be2 Ba6 17.Rxd7 Rf8 18.Rxa7 Rxa7 19.Qb8+ Qc8 20.Bb5+ Bxb5 21.Qxa7 Bc6
22.Rd1 Bxe4 23.Rd2 Qb7 24.Qa4+ b5 25.Qa5 Bd5 26.a4 b4 27.Nd4 f6 28.Nb5 fxg5
29.c4 Be4+ 30.Ka2 Qc6 31.Nd6+ Ke7 32.Qa7+ Kf6 33.Qd4+ e5 34.Nxe4+ Kf7 35.Qd7+ Qxd7
36.Rxd7+ Kg8 37.c5 Rc8 38.Kb3 g4 39.a5 h5 40.a6 h4 41.a7 h3 42.gxh3 gxh3
43.Rb7 h2 44.Rb8  1-0

[Event "RL-op"]
[Site "Polch"]
[Date "1993.??.??"]
[Round "?"]
[White "Ruth, Walter"]
[Black "Stephan, Olaf"]
[Result "1/2-1/2"]
[WhiteElo "1950"]
[BlackElo "1665"]

1.d4 Nf6 2.Bg5 Ne4 3.Bf4 d5 4.f3 Nf6 5.Qd3 e6 6.e4 dxe4 7.fxe4 c5 8.Nf3 Nc6
9.c3 cxd4 10.Nxd4 Nxd4 11.cxd4 Bb4+ 12.Nc3 Qa5 13.Bd2 Bd7 14.a3 Bc6 15.e5 Nd5
16.Nxd5 Bxd2+ 17.Qxd2 Qxd2+ 18.Kxd2 Bxd5 19.Bb5+ Kd8 20.Rhf1 Ke7 21.Rac1 Rac8
22.Rc3 Rxc3 23.bxc3 Bxg2 24.Rg1 Be4 25.Bd3 Bxd3 26.Kxd3 g6 27.Rb1 b6 28.c4 Rd8
29.Ke4 Rc8 30.c5 Rc6 31.a4 Kd7 32.Rf1 Ke7 33.Rb1 Kd7 34.Rf1  1/2-1/2

[Event "POR-ch"]
[Site "?"]
[Date "1993.??.??"]
[Round "11"]
[White "Fernandes, Antonio"]
[Black "Pinho, Paulo"]
[Result "1-0"]
[WhiteElo "2460"]
[BlackElo "2195"]

1.d4 Nf6 2.Bg5 Ne4 3.Bh4 c5 4.f3 Qa5+ 5.c3 g5 6.fxe4 gxh4 7.e3 Bh6 8.Nd2 cxd4
9.exd4 Qg5 10.Ngf3 Qf4 11.Qe2 d6 12.Qf2 Rg8 13.Qxh4 Qe3+ 14.Kd1 Nd7 15.Kc2 Nf6
16.Re1 Qf4 17.Bb5+ Kf8 18.Qxf4 Bxf4 19.g3 Bh6 20.Nh4 Bh3 21.Ndf3 a6 22.Bd3 Ng4
23.Ng1 Nf2 24.Nxh3 Nxh3 25.Rhf1 e6 26.e5 dxe5 27.Rxe5  1-0

[Event "POR-chT"]
[Site "?"]
[Date "1993.??.??"]
[Round "4"]
[White "Fernandes, Antonio"]
[Black "Galego, Luis"]
[Result "0-1"]
[WhiteElo "2455"]
[BlackElo "2390"]

1.d4 Nf6 2.Bg5 Ne4 3.Bh4 d5 4.f3 Nd6 5.Nc3 g6 6.e4 dxe4 7.fxe4 Bg7 8.Nf3 O-O
9.Qd2 Nc6 10.h3 b5 11.a3 Rb8 12.Rd1 b4 13.axb4 Rxb4 14.Bd3 Rxb2 15.Bf2 Nb4
16.O-O Nxd3 17.Qxd3 Rb6 18.Ra1 a6 19.Na4 Rb5 20.Nd2 f5 21.e5 Nf7 22.Nc3 Rb8
23.Nb3 Nxe5 24.Qe2 Nf7 25.Ra5 Qd6 26.Rd5 Qe6 27.Qd3 Nd6 28.Re1 Qf7 29.Rc5 e6
30.Bg3 Bb7 31.Na5 f4 32.Rf1 Nf5 33.Rxf4 Ba8 34.Ne2 Qd7 35.c3 Nxg3 36.Qxg3 e5
37.Rxf8+ Rxf8 38.Qg4 Qf7 39.Nc6 exd4 40.cxd4 h5 41.Qe4 Re8 42.Qd3 Bb7 43.Rc2 Bc8
44.Qg3 Bf5 45.Rb2 Qd7 46.Qc3 Qd6 47.Qc4+ Be6 48.Qc3 Bd5 49.Nb4 Ba8 50.Qc4+ Kh7
51.Nxa6 Bd5 52.Qd3 Be4 53.Qb5 Ra8 54.Nc5 Ra1+ 55.Kf2 Bxd4+ 56.Nxd4 Qxd4+
57.Kg3 h4+ 58.Kxh4  0-1

[Event "POR-chT"]
[Site "?"]
[Date "1993.??.??"]
[Round "6"]
[White "Fernandes, Antonio"]
[Black "Parcerias, Pedro"]
[Result "1-0"]
[WhiteElo "2455"]
[BlackElo "2290"]

1.d4 Nf6 2.Bg5 Ne4 3.Bh4 d5 4.f3 Nd6 5.Nc3 g6 6.e4 dxe4 7.fxe4 Bg7 8.Nf3 O-O
9.Be2 Nc6 10.O-O b5 11.e5 Nf5 12.Bf2 Bh6 13.Bxb5 Bb7 14.Re1 Nb4 15.Ne4 Rb8
16.c4 Be3 17.Neg5 Bxf2+ 18.Kxf2 c5 19.a3 Nc6 20.dxc5 Ncd4 21.b4 f6 22.exf6 Bxf3
23.Nxf3 Rxf6 24.Kg1 Nxf3+ 25.Qxf3 Qd4+ 26.Kh1 Qh4 27.Re4 Qh6 28.Qf4 Rbf8
29.Qxh6 Nxh6 30.h3 Nf5 31.Kh2 Rd8 32.c6 Kf8 33.Rae1 g5 34.c5 h5 35.Rf1 g4
36.Rxf5 Rxf5 37.c7 Rc8 38.Bd7 g3+ 39.Kxg3 Rg5+ 40.Kh4 Rxc7 41.Kxg5 Rxd7 42.c6 Rd6
43.Rc4 Rd8 44.Kxh5  1-0

[Event "Porz Citroen-Cup"]
[Site "Porz"]
[Date "1993.??.??"]
[Round "4"]
[White "Teske, Henrik"]
[Black "Schoen, Wolfram"]
[Result "1/2-1/2"]
[WhiteElo "2475"]
[BlackElo "2375"]

1.d4 Nf6 2.Bg5 Ne4 3.Bf4 c5 4.dxc5 Qa5+ 5.Nd2 e6 6.c3 Nxd2 7.Qxd2 Qxc5 8.e4 Be7
9.Nf3 O-O 10.Rd1 Nc6 11.Be2 d5 12.exd5 Qxd5 13.Qxd5 exd5 14.Rxd5 Be6 15.Rb5 b6
16.a3 Bd8 17.Be3 a6 18.Rh5 g6 19.Rh6 Bf6 20.Bg5 Bg7 21.Rh4 Rfe8 22.Be3 Bd5
23.O-O b5 24.Rd1 Rad8 25.Kf1 h5 26.a4 Bf6 27.Rf4 Bc4 28.Rxd8 Bxe2+ 29.Kxe2 Bxd8
30.g4 g5 31.Rf5 hxg4 32.Nd4 Nxd4+ 33.cxd4 bxa4 34.Kd3 f6 35.Rc5 Be7 36.Ra5 Rb8
37.Kc2 Rc8+ 38.Kb1 Rc4 39.Rxa6 Kf7 40.Ra7 Ke8 41.Ra8+ Kd7 42.Rh8 f5 43.d5 f4
44.Ba7 Kd6 45.Rh7 Re4 46.h3 gxh3 47.Rxh3 Kxd5 48.Rd3+ Ke6 49.f3 Re1+ 50.Kc2 Re2+
51.Kc3 Bf6+ 52.Kb4 Rxb2+ 53.Kxa4 Ra2+ 54.Ra3 Rxa3+ 55.Kxa3 Kf5 56.Kb3 g4
57.fxg4+ Kxg4 58.Kc2 Kh3 59.Kd3 Kg2 60.Ke4 f3 61.Kf4 Bh4 62.Kg4 Bf2 63.Bb8 Bb6
64.Bg3  1/2-1/2

[Event "Protvino zt"]
[Site "Protvino"]
[Date "1993.??.??"]
[Round "?"]
[White "Danielian, Oganes"]
[Black "Lputian, Smbat G"]
[Result "1/2-1/2"]
[WhiteElo "2440"]
[BlackElo "2610"]

1.d4 Nf6 2.Bg5 Ne4 3.Bh4 c5 4.f3 g5 5.fxe4 gxh4 6.e3 Bh6 7.Kf2 O-O 8.Qh5 Qb6
9.Nf3 cxd4 10.exd4 Bg7 11.e5 Nc6 12.Bd3 h6 13.Nbd2 Nxe5 14.Qxh4 Nxd3+ 15.cxd3 d5
16.Qxe7 Qxb2 17.Qc5 b6 18.Qxd5 Be6 19.Qe4 Bxa2 20.Kg3 Rae8 21.Qf4 Re6 22.h3 Bd5
23.Kh2 Rfe8 24.Nc4 Bxc4 25.dxc4 Rf6 26.Qc1 Re2 27.Qxb2 Rxb2 28.Rhb1 Rc2 29.Rc1 Rf2
30.Ne5 Rd2 31.Rd1 Rc2 32.Rxa7 Rd6 33.Rd7 Re6 34.Rd3 Bxe5+  1/2-1/2

[Event "Santiago ARAIS tt"]
[Site "Santiago"]
[Date "1993.??.??"]
[Round "8"]
[White "Arancibia, Eduardo"]
[Black "Vasquez, Rodrigo"]
[Result "0-1"]
[WhiteElo "2300"]
[BlackElo "2475"]

1.d4 Nf6 2.Bg5 Ne4 3.Bh4 c5 4.f3 Nf6 5.d5 Qb6 6.e4 e6 7.Bxf6 gxf6 8.Nc3 Bh6
9.Rb1 O-O 10.f4 Kh8 11.g3 d6 12.Qh5 Bg7 13.Bd3 f5 14.Nge2 Nd7 15.dxe6 Nf6
16.Qh3 fxe4 17.Nxe4 Nxe4 18.Bxe4 Qb4+  0-1

[Event "SCO-ch100"]
[Site "?"]
[Date "1993.??.??"]
[Round "?"]
[White "Swan, Iain"]
[Black "Orr, Mark J L"]
[Result "0-1"]
[WhiteElo "2275"]
[BlackElo "2345"]

1.d4 Nf6 2.Bg5 Ne4 3.h4 h6 4.Bf4 d5 5.Nd2 Nxd2 6.Qxd2 e6 7.Nf3 Bd6 8.O-O-O Nd7
9.e3 Nb6 10.Ne5 Qe7 11.f3 Bd7 12.e4 O-O-O 13.Kb1 Be8 14.h5 f6 15.Nd3 dxe4
16.fxe4 Bxf4 17.Nxf4 e5 18.Ne2 exd4 19.Nxd4 Qe5 20.b4 Bxh5  0-1

[Event "SWZ-ch"]
[Site "?"]
[Date "1993.??.??"]
[Round "?"]
[White "Landenbergue, Claude"]
[Black "Klauser, Markus"]
[Result "0-1"]
[WhiteElo "2405"]
[BlackElo "2350"]

1.d4 Nf6 2.Bg5 Ne4 3.Bf4 d5 4.f3 Nf6 5.Nc3 e6 6.e4 Bb4 7.exd5 Nxd5 8.Ne2 Nxf4
9.Nxf4 Nc6 10.Bb5 Qg5 11.Bxc6+ bxc6 12.Qd2 Ba6 13.a3 Bxc3 14.bxc3 c5 15.Nd3 Qxd2+
16.Kxd2 Bxd3 17.Kxd3 O-O-O 18.Rhe1 Rd5 19.Kc4 cxd4 20.cxd4 Rhd8 21.c3 R8d6
22.Rab1 Ra5 23.Rb3 Ra4+ 24.Kd3 c5 25.Ke3 cxd4+ 26.cxd4 Rdxd4 27.Reb1 Rdc4
28.Rb8+ Kd7 29.R1b3 Rc7 30.Rg8 g6 31.Rg7 Ke7 32.Rxh7 Rac4 33.Rd3 Rc2 34.g4 R7c3
35.h4 Rxd3+ 36.Kxd3 Ra2 37.h5 gxh5 38.g5 Rxa3+ 39.Ke4 Ra4+ 40.Kd3 Kf8 41.f4 Rb4
42.g6 fxg6 43.Rxa7 Rb5 44.Ke4 Rf5 45.Rb7 Rf7 46.Rb4 Ke7 47.Rb8 Rf8 48.Rb5 Kf6
49.Kf3 Rd8 50.Ra5 Rd5 51.Ra8 e5  0-1

[Event "SWZ-chT"]
[Site "?"]
[Date "1993.??.??"]
[Round "?"]
[White "Gilles, Raphael"]
[Black "Kortschnoj, Viktor"]
[Result "0-1"]
[WhiteElo "2240"]
[BlackElo "2605"]

1.d4 Nf6 2.Bg5 Ne4 3.Bf4 d5 4.f3 Nf6 5.e4 e6 6.Nc3 Be7 7.Qd2 O-O 8.O-O-O a6
9.Bg5 b5 10.e5 Nfd7 11.f4 c5 12.Bxe7 Qxe7 13.dxc5 Nxc5 14.Bd3 b4 15.Nce2 a5
16.Nf3 Ba6 17.Kb1 b3 18.a3 Nbd7 19.Ned4 Rfc8 20.Bxa6 bxc2+ 21.Qxc2 Rxa6 22.Rhe1 Rb6
23.Re3 Rcb8 24.Ka2 Rxb2+ 25.Qxb2 Rxb2+ 26.Kxb2 Nb6 27.Ka2 Nc4 28.Rb1 h6 29.Rc3 Kh7
30.Rb8 a4 31.Rb4 f6 32.g3 Ne4 33.Rc2 Nc5 34.exf6 gxf6 35.Re2 Nd3 36.Rxc4 dxc4
37.Rxe6 Qb7  0-1

[Event "EU-ch U16"]
[Site "Szombathely"]
[Date "1993.??.??"]
[Round "4"]
[White "Szuk, Balazs"]
[Black "Kaminski, Marcin"]
[Result "1/2-1/2"]
[WhiteElo "2315"]
[BlackElo "2400"]

1.d4 Nf6 2.Bg5 Ne4 3.Bf4 d5 4.Nd2 Bf5 5.e3 Nxd2 6.Qxd2 e6 7.Bd3 Bxd3 8.Qxd3 c5
9.Nf3 Nc6 10.O-O Be7 11.dxc5 O-O 12.Qb5 Qc8 13.b4 a6 14.Qa4 a5 15.b5 Nd8
16.Bd6 Bxd6 17.cxd6 Qc5 18.Rfd1 Qxd6 19.c4 Qb4 20.Qxb4 axb4 21.cxd5 exd5
22.Rxd5 Ne6 23.Nd4 Rfc8 24.Rb1 Rxa2 25.g3  1/2-1/2

[Event "Tilburg"]
[Site "Tilburg"]
[Date "1993.??.??"]
[Round "1"]
[White "Hodgson, Julian M"]
[Black "Sturua, Zurab"]
[Result "1/2-1/2"]
[WhiteElo "2625"]
[BlackElo "2540"]

1.d4 Nf6 2.Bg5 Ne4 3.Bh4 d5 4.f3 Nd6 5.Nc3 Nf5 6.Bf2 c5 7.dxc5 d4 8.Ne4 Nc6
9.g4 Qa5+ 10.c3 Ne3 11.Bxe3 dxe3 12.Qd3 g6 13.Qxe3 Bg7 14.Nd6+ Kf8 15.Nxc8 Rxc8
16.Nh3 Bd4 17.Qh6+ Bg7 18.Qe3 Bd4 19.Qh6+  1/2-1/2

[Event "Tilburg rapid20"]
[Site "Tilburg"]
[Date "1993.??.??"]
[Round "2"]
[White "Piket, Jeroen"]
[Black "Hertneck, Gerald"]
[Result "1-0"]
[WhiteElo "2590"]
[BlackElo "2555"]

1.d4 Nf6 2.Bg5 Ne4 3.Bf4 c5 4.d5 Qb6 5.Nd2 Nxd2 6.Bxd2 Qxb2 7.e4 d6 8.Rb1 Qf6
9.f4 e5 10.Bb5+ Nd7 11.Nf3 exf4 12.O-O Be7 13.e5 dxe5 14.Bc3 O-O 15.Bxd7 Bxd7
16.Rxb7 Rfd8 17.Nxe5 Bd6 18.Re1 Bxe5 19.Bxe5 Qg6 20.c4 Bg4 21.Qd2 f3 22.Re7 Bh3
23.Bc7 Rf8 24.Qf2 Bxg2 25.Qg3 Qa6 26.Be5 g6 27.Bb2 Rab8 28.Qxb8  1-0